| 000 | 00000nam 2200000zi 4500 |
| 001 | 9.939674 |
| 003 | CaOODSP |
| 005 | 20241126081340 |
| 006 | m o d f |
| 007 | cr mn||||||||| |
| 008 | 240621e198003##onc ob f000 0 eng d |
| 040 | |aCaOODSP|beng|erda|cCaOODSP |
| 043 | |an-cn---|an-us--- |
| 086 | 1 |aCo22-761/1980E-PDF |
| 100 | 1 |aLucyk, J. R., |eauthor. |
| 245 | 10|aRadio reading services for the blind and otherwise print-handicapped : |ban information paper / |cJ.R. Lucyk. |
| 264 | 1|a[Ottawa] : |bBroadcasting and Social Policy Branch, Department of Communications, |cMarch 1980. |
| 300 | |a1 online resource (ii, 32 pages) |
| 336 | |atext|btxt|2rdacontent |
| 337 | |acomputer|bc|2rdamedia |
| 338 | |aonline resource|bcr|2rdacarrier |
| 500 | |aIssued also in French under title: Services radiophoniques de lecture pour les aveugles et autres handicapés visuels : un document d'information. |
| 500 | |aDigitized edition from print [produced by Innovation, Science and Economic Development Canada]. |
| 504 | |aIncludes bibliographical references (page 32). |
| 650 | 0|aRadio programs for the blind|zCanada. |
| 650 | 0|aRadio programs for the blind|zUnited States. |
| 710 | 1 |aCanada. |bDepartment of Communications. |bBroadcasting and Social Policy Branch, |eissuing body. |
| 775 | 08|tServices radiophoniques de lecture pour les aveugles et autres handicapés visuels : |w(CaOODSP)9.945557 |
| 856 | 40|qPDF|s1.13 MB|uhttps://publications.gc.ca/collections/collection_2024/isde-ised/co22/Co22-761-1980-eng.pdf |